Socialization and education of nomad children in Delhi state / (Record no. 65366)

MARC details
000 -LEADER
fixed length control field 00448nam a22001457a 4500
005 - DATE AND TIME OF LATEST TRANSACTION
control field 20180807141002.0
020 ## - INTERNATIONAL STANDARD BOOK NUMBER
International Standard Book Number 8186030441
Terms of availability 250.00
035 ## - SYSTEM CONTROL NUMBER
System control number A-936408, A-936409
037 ## - SOURCE OF ACQUISITION
Stock number DPL
Source of stock number/acquisition ENG
100 ## - MAIN ENTRY--PERSONAL NAME
Personal name Davindera
245 ## - TITLE STATEMENT
Title Socialization and education of nomad children in Delhi state /
Statement of responsibility, etc by Davindera
260 ## - PUBLICATION, DISTRIBUTION, ETC. (IMPRINT)
Place of publication, distribution, etc New Delhi
Name of publisher, distributor, etc Regency Publications
Date of publication, distribution, etc 1997
300 ## - PHYSICAL DESCRIPTION
Extent viii, 160p.
Dimensions 20 cms.
942 ## - ADDED ENTRY ELEMENTS (KOHA)
Source of classification or shelving scheme Dewey Decimal Classification
Item type English Books
Classification part 307.772
Call number suffix DAV
Holdings
Withdrawn status Lost status Not for loan Collection code Home library Current library Date acquired Cost, normal purchase price Full call number Barcode Cost, replacement price Koha item type Source of acquisition
      Non-fiction Sarojini Nagar Sarojini Nagar 20/04/2012 250.00 307.772 DAV A-936408 250.00 English Books  
      Non-fiction Shahdara Branch Shahdara Branch 07/08/2018 250.00 307.772 DAV A-936409 250.00 English Books BPPD/PUB

© Delhi Public Library
Hit Counter
free hit counter